Testimonio in Guatemala: Payeras, Rigoberta, and Beyond /

sin resumen

Gespeichert in:
Bibliographische Detailangaben
1. Verfasser: Zimmerman, Marc
Format: Text
Tags: Tag hinzufügen
Keine Tags, Fügen Sie den ersten Tag hinzu!

MARC

LEADER 00000 a a2200000 04500
001 9183
003
040
100 |a Zimmerman, Marc  
245 |a Testimonio in Guatemala:   |b Payeras, Rigoberta, and Beyond /  |c aMarc Zimmerman  
520 |a sin resumen  
773 |g volumen 18, número 4; páginas 22-47  
999 |c 20978  |d 20978 
773 0 |0 43209  |9 4941  |d California: Sage Publications, 1974-  |o MFN: 3230  |t Latin American Perspectives a Journal on Capitalism and Socialism  |x 0094582X